900 Jahre Pfarre Mariahof: Ecclesia Grazluppa. 1066-1966

Saved in:  
Bibliographic Details
Subtitles:Neunhundert Jahre Pfarre Mariahof
Contributors: Reichenpfader, Josef (Other)
Format: Print Book
Language:German
Subito Delivery Service: Order now.
Check availability: HBZ Gateway
WorldCat: WorldCat
Interlibrary Loan:Interlibrary Loan for the Fachinformationsdienste (Specialized Information Services in Germany)
Published: Judenburg "Iris" 1966
In:Year: 1966

MARC

LEADER 00000cam a22000002c 4500
001 1121946852
003 DE-627
005 20241112004355.0
007 tu
008 960510s1966 xx ||||| 00| ||ger c
035 |a (DE-627)1121946852 
035 |a (DE-576)051946858 
035 |a (DE-599)BSZ051946858 
035 |a (OCoLC)312179846 
040 |a DE-627  |b ger  |c DE-627  |e rakwb 
041 |a ger 
084 |a 1  |2 ssgn 
245 0 0 |a 900 Jahre Pfarre Mariahof  |b Ecclesia Grazluppa. 1066-1966  |c (Hrsg.: Gemeinde Mariahof. Bearb. v. Josef Reichenpfader.) 
246 3 0 |a neunhundert 
246 3 3 |a Neunhundert Jahre Pfarre Mariahof 
264 1 |a Judenburg  |b "Iris"  |c 1966 
300 |a 70 S., 16 Bilder 
336 |a Text  |b txt  |2 rdacontent 
337 |a ohne Hilfsmittel zu benutzen  |b n  |2 rdamedia 
338 |a Band  |b nc  |2 rdacarrier 
583 1 |a Archivierung prüfen  |c 20200919  |f DE-640  |z 1  |2 pdager 
583 1 |a Archivierung/Langzeitarchivierung gewährleistet  |f SSG  |x XA-DE-BW  |2 pdager  |5 DE-21 
700 1 |8 1\p  |0 (DE-588)126599491  |0 (DE-627)694568546  |0 (DE-576)295836733  |4 oth  |a Reichenpfader, Josef 
883 |8 1\p  |a cgwrk  |d 20241001  |q DE-101  |u https://d-nb.info/provenance/plan#cgwrk 
951 |a BO 
ELC |b 1 
ITA |a 1  |t 1 
LOK |0 000 xxxxxcx a22 zn 4500 
LOK |0 001 2280839067 
LOK |0 003 DE-627 
LOK |0 004 1121946852 
LOK |0 005 19960808000000 
LOK |0 008 960510||||||||||||||||ger||||||| 
LOK |0 040   |a DE-21  |c DE-627  |d DE-21 
LOK |0 852   |a DE-21 
LOK |0 852 1  |c 3 E 8600  |9 00 
LOK |0 935   |a kram  |a konv 
LOK |0 939   |a 10-05-96  |b l01 
ORI |a SA-MARC-ixtheoa001.raw